L' homicide dans le monde: les leçons d'une enquête
| Autor Corporativo: | |
|---|---|
| Otros Autores: | ; |
| Tipo de documento: | Print Libro |
| Lenguaje: | Francés |
| Publicado: |
Paris
La Documentation française
Troisième trimestre 2017
|
| En: |
Cahiers de la sécurité et de la justice (no 41)
Año: 2017 |
| Acceso en línea: |
Índice |
| Disponibilidad en Tübingen: | Disponible en Tübingen. UB: ZB 5213-39/42.2017 |
| Verificar disponibilidad: | HBZ Gateway |
| Servicio de pedido Subito: | Pedir ahora. |
| Palabras clave: |
MARC
| LEADER | 00000cam a2200000 c 4500 | ||
|---|---|---|---|
| 001 | 1582155666 | ||
| 003 | DE-627 | ||
| 005 | 20260416180940.0 | ||
| 007 | tu | ||
| 008 | 181022s2017 xx ||||| 00| ||fre c | ||
| 035 | |a (DE-627)1582155666 | ||
| 035 | |a (DE-603)427519845 | ||
| 035 | |a (DE-576)512155666 | ||
| 035 | |a (DE-599)HEB427519845 | ||
| 035 | |a (OCoLC)1060774472 | ||
| 035 | |a (OCoLC)1028683060 | ||
| 040 | |a DE-627 |b ger |c DE-627 |e rda | ||
| 041 | |a fre | ||
| 082 | 0 | |a 364.152 | |
| 084 | |a 2,1 |2 ssgn | ||
| 084 | |a PH 3840 |2 rvk |0 (DE-625)rvk/136087: | ||
| 245 | 0 | 3 | |a L' homicide dans le monde |b les leçons d'une enquête |c INHESJ, Institut national des hautes études de la sécurité et de la justice ; dossier coordonné Aurélien Langlade |
| 264 | 1 | |a Paris |b La Documentation française |c Troisième trimestre 2017 | |
| 300 | |a 179 Seiten |b Illustrationen, Diagramme, Karten | ||
| 336 | |a Text |b txt |2 rdacontent | ||
| 337 | |a ohne Hilfsmittel zu benutzen |b n |2 rdamedia | ||
| 338 | |a Band |b nc |2 rdacarrier | ||
| 490 | 1 | |a Cahiers de la sécurité et de la justice |v no 41 | |
| 500 | |a Literaturangaben | ||
| 583 | 1 | |a Archivierung/Langzeitarchivierung gewährleistet |f SSG |x XA-DE-BW |2 pdager |5 DE-21 | |
| 583 | 1 | |a Archivierung/Langzeitarchivierung gewährleistet |f SLG |z Frankreichforschung |2 pdager |5 DE-77 | |
| 650 | 0 | 7 | |0 (DE-588)4040235-6 |0 (DE-627)106224611 |0 (DE-576)209038853 |a Mord |2 gnd |
| 650 | 0 | 7 | |0 (DE-588)4033178-7 |0 (DE-627)10458503X |0 (DE-576)209000511 |a Kriminalität |2 gnd |
| 650 | 0 | 7 | |0 (DE-588)4057795-8 |0 (DE-627)106149458 |0 (DE-576)209123737 |a Strafrecht |2 gnd |
| 655 | 7 | |a Aufsatzsammlung |0 (DE-588)4143413-4 |0 (DE-627)105605727 |0 (DE-576)209726091 |2 gnd-content | |
| 689 | 0 | 0 | |d s |0 (DE-588)4060336-2 |0 (DE-627)106139886 |0 (DE-576)209134887 |a Tötung |2 gnd |
| 689 | 0 | 1 | |d s |0 (DE-588)4120509-1 |0 (DE-627)104262591 |0 (DE-576)209535695 |a Internationaler Vergleich |2 gnd |
| 689 | 0 | |5 (DE-627) | |
| 700 | 1 | |a Langlade, Aurélien |e HerausgeberIn |4 edt | |
| 700 | 1 | |a Cazaux-Charles, Hélène |e HerausgeberIn |4 edt | |
| 710 | 2 | |a Institut National des Hautes Études de la Sécurité et de la Justice |g Paris |e Herausgebendes Organ |0 (DE-588)16060000-5 |0 (DE-627)623459973 |0 (DE-576)321431618 |4 isb | |
| 830 | 0 | |a Cahiers de la sécurité et de la justice |v no 41 |9 2017,41 |w (DE-627)79783558X |w (DE-576)415036593 |w (DE-600)2786036-X |x 1774-475X |7 am | |
| 856 | 4 | 2 | |u http://scans.hebis.de/HEBCGI/show.pl?42751984_toc.pdf |m V:DE-603;B:DE-77 |q application/pdf |x Verlag |3 Inhaltsverzeichnis |7 1 |
| 935 | |a mkri |a MZFRA | ||
| 936 | r | v | |a PH 3840 |b Straftaten gegen das Leben |k Rechtswissenschaft |k Strafrecht, Strafverfahrensrecht, Kriminologie |k Strafrecht |k Straftaten gegen die Person |k Straftaten gegen das Leben |0 (DE-627)127223696X |0 (DE-625)rvk/136087: |0 (DE-576)20223696X |
| 936 | s | n | |a p100 |2 mzub |
| 936 | s | n | |a m200 |2 mzub |
| 951 | |a BO | ||
| ELC | |b 1 | ||
| LOK | |0 000 xxxxxcx a22 zn 4500 | ||
| LOK | |0 001 3029415074 | ||
| LOK | |0 003 DE-627 | ||
| LOK | |0 004 1582155666 | ||
| LOK | |0 005 20200123131629 | ||
| LOK | |0 008 181022||||||||||||||||ger||||||| | ||
| LOK | |0 040 |a DE-21 |c DE-627 |d DE-21 | ||
| LOK | |0 852 |a DE-21 | ||
| LOK | |0 852 1 |c ZB 5213-39/42.2017 |9 00 | ||
| LOK | |0 935 |a krim | ||
| LOK | |0 938 |a 1810 |f 34 | ||
| LOK | |0 939 |a 2018-10-22 |b l01 | ||
| LOK | |0 000 xxxxxcx a22 zn 4500 | ||
| LOK | |0 001 3478352193 | ||
| LOK | |0 003 DE-627 | ||
| LOK | |0 004 1582155666 | ||
| LOK | |0 005 20190520152944 | ||
| LOK | |0 008 190520||||||||||||||||ger||||||| | ||
| LOK | |0 040 |a DE-Frei85 |c DE-627 |d DE-Frei85 | ||
| LOK | |0 852 |a DE-Frei85 | ||
| LOK | |0 852 1 |m p |9 00 | ||
| LOK | |0 938 |k p | ||
| LOK | |0 939 |a 2019-05-20 |b l01 | ||
| ORI | |a WA-MARC-krimdoka001.raw | ||
| SIG | |a UB: ZB 5213-39/42.2017 | ||
